000
00338nam a2200157Ia 4500
005
20250425161550.0
008
250425s9999 xx 000 0 und d
041
_a
eng
082
_a
IBM4381
245
0
_a
ROCKS AND MINERALS
250
_a
S.E.
260
_a
S.L.
260
_a
Sin Pais
_b
GOPR
_c
1957
942
_c
01
010
_a
23161
999
_c
211736
_d
211736